Problemas sociales : el salario del obrero agrícola / por Juan Riba el salario del obrero agrícola / por Juan Riba
Descripción Física:
28 p. ; 21 cm
MARC
| LEADER | 00000nam a2200000Ia 4500 | ||
|---|---|---|---|
| 001 | 23059 | ||
| 008 | 160829s1913 xx 000 0 cat d | ||
| 080 | |a RF-16-30 | ||
| 100 | |a Riba, Joan |9 30213 | ||
| 245 | |a Problemas sociales : |b el salario del obrero agrícola / por Juan Riba | ||
| 260 | |a Reus : |b Establecimiento Tipográfico de Celestino Ferrando, |c 1913 | ||
| 300 | |a 28 p. ; |c 21 cm | ||
| 590 | |a Prové de Q-502 | ||
| 650 | |a Treballadors agrícoles |x Condicions socials |x Catalunya |9 47213 | ||
| 650 | |a Salaris |x Catalunya |9 47214 | ||
| 856 | 4 | |u https://media.diba.cat/diba/fitxers/arxiu/fulletons/bib_23059_1913_baixa.pdf |y Accés lliure | |
| 856 | 4 | |u https://media.diba.cat/diba/fitxers/arxiu/fulletons/bib_23059_1913_baixa.pdf |y Accés lliure | |
| 901 | |a Arxiu | ||
| 942 | |n 1 |2 udc | ||
| 952 | |0 0 |1 0 |4 0 |6 RF1630 |7 1 |9 53751 |a Arxiu |b Arxiu |d 2016-12-01 |l 0 |o RF-16-30 |p 23059 |r 2016-12-01 00:00:00 |w 2016-12-01 |y ARXIU | ||
| 999 | |c 57617 |d 57617 | ||
| 900 | |a bib_23059_1913_baixa.pdf | ||